Active Separatist Movements in Africa - Statistics

General Stats
  • This quiz has been taken 22 times
  • The average score is 10 of 53
Answer Stats
Country it Wants to Separate From Place That Wants to Separate % Correct
Somalia Somaliland
93%
Sudan Darfur
79%
Nigeria Biafra
57%
Angola Cabinda
57%
Libya Cyrenaica
57%
Ethiopia Oromia
43%
France Réunion
43%
Morocco Rif
43%
Tanzania Zanzibar
43%
Spain Canary Islands
36%
Namibia Caprivi
29%
Senegal Casamance
29%
Algeria Kabylia
29%
Mauritius Rodrigues
29%
Ethiopia Afar
21%
Cameroon Ambazonia
21%
Comoros Anjouan
21%
Ethiopia Gambela
21%
Congo-Kinshasa Katanga
21%
Kenya Mombasa
21%
South Africa Zulu Kingdom
21%
Niger Agadez
14%
Algeria Berberia
14%
Congo-Kinshasa Kwili, Kivu, Bukavu
14%
Ethiopia Ogaden
14%
Ghana Ashantiland
7%
Zambia Barotseland
7%
Congo-Kinshasa Bas-Congo
7%
Rwanda Batwaland
7%
Equatorial Guinea Bioko
7%
South Africa Boers and Afrikaners
7%
Uganda Buganda
7%
South Africa Cape Republic
7%
Egypt Copts
7%
Central African Republic Dar El Kuti
7%
Zimbabwe Matabeleland
7%
Comoros Mohéli
7%
Ghana Western Togoland
7%
Mali Azwad
0%
Cameroon Bakassi
0%
Algeria Chenouas
0%
Congo-Brazzaville Loango
0%
Angola Lunda-Tchokwé People
0%
Algeria Mozabite
0%
Nigeria Niger Delta
0%
South Sudan Nuerland
0%
Uganda Rwenzururu
0%
Algeria Shawiya
0%
Ethiopia Sidama Zone
0%
Congo-Brazzaville South Congo
0%
Libya Tobouland
0%
Kenya Western Somalia
0%
Nigeria Yoruba People
0%
No matching quizzes found
Score Distribution
Percent of People with Each Score
Percentile by Number Answered
Your Score History
You have not taken this quiz